000 00362nam a22001217a 4500
003 SGT
082 _a080
_bB84D
100 _aदेसाई, जियाउद्दीन ए.
245 _aभारत की मस्जिदे
260 _b सुचना और प्रसारण मंत्रालय
_c1984
300 _a35
942 _2ddc
_cBK
999 _c31509
_d31509